Marcas que começam com V - Statistics

Estatísticas Gerais
  • Esse quiz foi jogado 30 vezes
  • A pontuação média é 3 de 17
Estatísticas das Respostas
Hint Resposta % Correto
7. Volkswagen
69%
14. Volvo
62%
1. Vans
50%
4. Versace
35%
9. Visa
31%
13. Vogue
23%
15. Vanish
19%
3. Valentino
15%
2. Victoria's Secret
12%
5. Vespa
8%
12. Vodafone
8%
11. Vaqueiro
4%
6. Viagra
4%
16. Vaseline
0%
10. Vichy
0%
8. Vicky
0%
17. Voltaren
0%
Nenhum quiz correspondente encontrado
Distribuição das Pontuações
Porcentagem de Pessoas com Cada Pontuação
Percentil de Números Respondidos
Sua Pontuação Histórica
Você não jogou esse quiz